The key to the supernatural. (Record no. 9058)

000 -LEADER
fixed length control field 01180nam a2200253 a 4500
001 - CONTROL NUMBER
control field :::00006839$&:&@@
003 - CONTROL NUMBER IDENTIFIER
control field OkBaRHE
005 - DATE AND TIME OF LATEST TRANSACTION
control field 20110406131057.0
008 - FIXED-LENGTH DATA ELEMENTS--GENERAL INFORMATION
fixed length control field s1982 j 000 0 eng u
020 ## - INTERNATIONAL STANDARD BOOK NUMBER
International Standard Book Number 0892767022
040 ## - CATALOGING SOURCE
Transcribing agency
100 1# - MAIN ENTRY--PERSONAL NAME
Personal name Hagin, Kenneth W., 1939-
245 14 - TITLE STATEMENT
Title The key to the supernatural.
260 ## - PUBLICATION, DISTRIBUTION, ETC. (IMPRINT)
Place of publication, distribution, etc Tulsa, OK., :
Name of publisher, distributor, etc RHEMA Bible Church
Date of publication, distribution, etc c1982
300 ## - PHYSICAL DESCRIPTION
Extent 32 p. ;
Dimensions 14 cm.
650 ## - SUBJECT ADDED ENTRY--TOPICAL TERM
Topical term or geographic name as entry element Church Unity
9 (RLIN) 995
942 ## - ADDED ENTRY ELEMENTS (KOHA)
Source of classification or shelving scheme
Koha item type Books
Copies
Date last seen Barcode Full call number Copy number Shelving location Current Location Date acquired Lost status Price effective from Damaged status Permanent Location Koha item type Source of classification or shelving scheme Not for loan Withdrawn status
2010-04-146839BV 601.5 .H3551General Stacks 2010-04-14 2010-04-14 RHEMA Bible Training CollegeBooks   
2010-04-1414871BV 601.5 .H3552General Stacks 2010-04-14 2010-04-14 RHEMA Bible Training CollegeBooks   
2011-04-0614025BV 601.5 .H3553General StacksRHEMA Bible Training College2011-04-06 2011-04-06 RHEMA Bible Training CollegeBooks   
2011-04-0621207BV 601.5 .H3554General StacksRHEMA Bible Training College2011-04-06 2011-04-06 RHEMA Bible Training CollegeBooks   
2011-04-0621208BV 601.5 .H3555General StacksRHEMA Bible Training College2011-04-06 2011-04-06 RHEMA Bible Training CollegeBooks   
2012-03-1021618BV 601.5 .H3556General StacksRHEMA Bible Training College2011-04-06 2011-04-06 RHEMA Bible Training CollegeBooks